Central Library OPAC University of Rajshahi

Basic analysis of variance programs for microcomputers / (Record no. 68850)

MARC details
000 -LEADER
fixed length control field 00867nam a2200277 a 4500
001 - CONTROL NUMBER
control field 68850
003 - CONTROL NUMBER IDENTIFIER
rucl marc code BD-RjUL
005 - DATE AND TIME OF LATEST TRANSACTION
control field 20211209081821.0
008 - FIXED-LENGTH DATA ELEMENTS--GENERAL INFORMATION
fixed length control field 170406s1983 cau 001 0 eng
020 ## - INTERNATIONAL STANDARD BOOK NUMBER
International Standard Book Number 0534014232
035 ## - SYSTEM CONTROL NUMBER
System control number (BD-RjUL)69061
040 ## - CATALOGING SOURCE
Original cataloging agency DLC
Transcribing agency DLC
Modifying agency BD-RjUL
Language of cataloging eng
041 ## - LANGUAGE CODE
Language code of text/sound track or separate title eng
082 00 - DEWEY DECIMAL CLASSIFICATION NUMBER
Classification number 004.16
Edition number 23
Author mark and year WOB 1983
100 1# - MAIN ENTRY--PERSONAL NAME
Personal name Wolach, Allen H.
9 (RLIN) 204024
245 10 - TITLE STATEMENT
Title Basic analysis of variance programs for microcomputers /
Statement of responsibility, etc. Allen H. Wolach.
260 ## - PUBLICATION, DISTRIBUTION, ETC. (IMPRINT)
Place of publication, distribution, etc. Monterey, California :
Name of publisher, distributor, etc. Brooks/Cole Pub. Co.,
Date of publication, distribution, etc. c1983.
300 ## - PHYSICAL DESCRIPTION
Pagination 162 p. ;
Size 24 cm.
500 ## - GENERAL NOTE
General note Includes index.
504 ## - BIBLIOGRAPHY, ETC. NOTE
Bibliography, etc Bibliography: p. 159.
650 #0 - SUBJECT ADDED ENTRY--TOPICAL TERM
Topical term or geographic name as entry element Microcomputers
General subdivision Computer programs.
9 (RLIN) 204025
Topical term or geographic name as entry element Analysis of variance
General subdivision Programming.
9 (RLIN) 204026
Topical term or geographic name as entry element BASIC (Computer program language)
9 (RLIN) 204027
942 ## - ADDED ENTRY ELEMENTS (KOHA)
Source of classification or shelving scheme Dewey Decimal Classification
Koha item type Books
Holdings
Lost status Source of classification or shelving scheme Damaged status Not for loan Collection code Permanent Location Current Location Shelving location Date acquired Source of acquisition Total Checkouts Full call number Date last seen Copy number Koha item type
  Dewey Decimal Classification   Not For Loan Non-fiction Central Library, University of Rajshahi Central Library, University of Rajshahi Reading Room 21/09/1992 Asia Foundation   004.16 WOB 1983 06/04/2017 C-1 Books